Пролив Бигль

Bibliografische gegevens
Hoofdauteur: Л. Кеменов
Andere auteurs: З. Пономарева
Samenvatting:Книга не входит в премиум-версию платформы «Русский как иностранный».
Предлагаем вашему вниманию книгу из серии «Мои путешествия». Серия включает тексты для экстенсивного ознакомительного чтения, градуированные по 5 уровням владения русским языком. Это увлекательные рассказы российских путешественников-любителей об их поездках по родной стране и миру. Уровни ориентируются на лексические минимумы, разработанные для Российской государственной системы тестирования по русскому языку. Каждый выпуск снабжён вопросами, ударениями и авторскими фотографиями. «Златоуст» рекомендует серию для домашнего чтения.
Гарантированный срок размещения на платформе до 01.07.2026 (автопролонгация)
Gepubliceerd in: Санкт-Петербург, Златоуст, 2021
Editie:Пролив Бигль
Onderwerpen:
Online toegang:Перейти к просмотру издания
Formaat: Elektronisch

MARC

LEADER 00000 a2200000 4500
001 RU/ROS-EDU.RU/118860
856 4 |u https://www.ros-edu.ru/book?id=118860  |z Перейти к просмотру издания 
010 |a 978-5-907123-86-1 
205 |a Пролив Бигль  |b 2026-07-01 
333 |a Гарантированный срок размещения на платформе до 01.07.2026 (автопролонгация) 
100 |a 20210101d2021 |||y0rusy0250   |s 2026-07-01 
105 |a y z 000zy 
101 0 |a rus 
102 |a RU 
200 1 |a Пролив Бигль  |b Электронный ресурс  |f Л. Кеменов, З. Пономарева 
700 1 |b Л.  |a Кеменов  |4 070 
701 1 |b З.  |a Пономарева  |4 070 
330 |a Предлагаем вашему вниманию книгу из серии «Мои путешествия». Серия включает тексты для экстенсивного ознакомительного чтения, градуированные по 5 уровням владения русским языком. Это увлекательные рассказы российских путешественников-любителей об их поездках по родной стране и миру. Уровни ориентируются на лексические минимумы, разработанные для Российской государственной системы тестирования по русскому языку. Каждый выпуск снабжён вопросами, ударениями и авторскими фотографиями. «Златоуст» рекомендует серию для домашнего чтения. 
210 |a Санкт-Петербург  |c Златоуст  |d 2021 
610 1 |a пролив 
610 1 |a Бигль 
610 1 |a путешествие 
610 1 |a экстенсивное чтение 
610 1 |a русский язык 
610 1 |a уровень владения 
610 1 |a рассказ 
675 |a 811.161 
686 |a 81.2  |2 rubbk 
300 |a Книга не входит в премиум-версию платформы «Русский как иностранный». 
215 |a 60 с.